000 00276nam a22001217a 4500
040 _cSY
082 _a333
100 _aMEAS SOPHY; មាស សុទ្ធី
245 _aជីវិតសត្វព្រៃ
260 _aRUA
_bMEA
_c1995
300 _a58p.
942 _cKB
999 _c9406
_d9406